[Event "XIX Festival A"]
[Site "Arco ITA"]
[Date "2007.10.22"]
[Round "3"]
[White "Rossi, Paolo"]
[Black "Thonig, Manfred"]
[Result "0-1"]
[WhiteElo "1884"]
[BlackElo "1739"]
[PlyCount "84"]
[EventDate "2007.10.20"]

1. d4 f5 2. Nf3 Nf6 3. e3 e6 4. Bd3 d5 5. Nbd2 Nbd7 6. O-O Bd6 7. c4 c6 8. c5
Bc7 9. b4 O-O 10. a4 Ne4 11. Ne1 Qg5 12. f4 Qh6 13. Rf3 Ndf6 14. Rh3 Qg6 15.
Nxe4 fxe4 16. Be2 Qf7 17. g4 g5 18. Ng2 gxf4 19. exf4 Ne8 20. Rg3 Kh8 21. g5
Ng7 22. Raa3 Nf5 23. Bh5 Qg7 24. Rh3 Qxd4+ 25. Qxd4+ Nxd4 26. Bg6 Ne2+ 27. Kh1
Nxc1 28. Rxh7+ Kg8 29. Rah3 Be5 30. Ne3 Rxf4 31. Be8 Bg7 32. g6 d4 33. Nc4 Nd3
34. R3h5 Rf1+ 35. Kg2 Rf2+ 36. Kg1 e3 37. Nd6 e2 38. Rxg7+ Kxg7 39. Rh7+ Kg8
40. Bf7+ Kf8 41. g7+ Ke7 42. g8=N+ Kd8 0-1

[Event "XIX Festival A"]
[Site "Arco ITA"]
[Date "2007.10.22"]
[Round "3"]
[White "Scharrer, Patrick"]
[Black "Salvador, Roland"]
[Result "0-1"]
[WhiteElo "2220"]
[BlackElo "2456"]
[PlyCount "48"]
[EventDate "2007.10.20"]

1. e4 c5 2. Nf3 Nc6 3. d3 e6 4. g3 d5 5. Nbd2 g6 6. Bg2 Bg7 7. O-O Nge7 8. Re1
h6 9. h4 b6 10. c3 Ba6 11. Qa4 Qc8 12. exd5 exd5 13. c4 O-O 14. a3 Rb8 15. Qb3
b5 16. cxd5 c4 17. dxc4 bxc4 18. Qc2 Nxd5 19. Rb1 Rd8 20. Bf1 Na5 21. Ne4 Qf5
22. Qa4 Nb6 23. Qb4 Nc6 24. Qc5 Qxf3 0-1

[Event "XIX Festival A"]
[Site "Arco ITA"]
[Date "2007.10.22"]
[Round "3"]
[White "Schrott, Ernst"]
[Black "Battiston, Claudio"]
[Result "1/2-1/2"]
[WhiteElo "2103"]
[BlackElo "1882"]
[PlyCount "82"]
[EventDate "2007.10.20"]

1. e4 e5 2. d4 exd4 3. Nf3 Nc6 4. Nxd4 Bc5 5. Be3 Qf6 6. Nb5 Bxe3 7. fxe3 Qd8
8. Qg4 Nf6 9. Qxg7 Rg8 10. Qh6 Rg6 11. Qf4 d6 12. N1c3 Be6 13. O-O-O a6 14. Nd4
Qd7 15. Nf3 Bg4 16. h3 Nh5 17. Qh2 Bxf3 18. gxf3 O-O-O 19. h4 Kb8 20. Bh3 Qe7
21. Bf5 Rh6 22. Nd5 Qf8 23. Qg2 Nf6 24. f4 Nxd5 25. exd5 Ne7 26. Bd3 f5 27. h5
Qf6 28. Rdg1 Rg8 29. Qf3 Rxg1+ 30. Rxg1 Qf7 31. Rg5 Qxd5 32. Qxd5 Nxd5 33. Kd2
Nf6 34. Rxf5 Nxh5 35. Rf8+ Ka7 36. Rf7 Nf6 37. Rxc7 Rh2+ 38. Be2 Ne4+ 39. Kd3
Nc5+ 40. Kd2 Ne4+ 41. Kd3 Nc5+ 1/2-1/2

[Event "XIX Festival A"]
[Site "Arco ITA"]
[Date "2007.10.22"]
[Round "3"]
[White "Trifoni, Giorgio"]
[Black "Marini, Lucio"]
[Result "0-1"]
[WhiteElo "1658"]
[BlackElo "1860"]
[PlyCount "113"]
[EventDate "2007.10.20"]

1. e4 c5 2. Nf3 d6 3. d3 Nc6 4. Nbd2 g6 5. g3 Bg7 6. c3 e6 7. Be2 Nge7 8. O-O
O-O 9. Re1 Rb8 10. Nf1 b5 11. a3 b4 12. d4 bxc3 13. bxc3 Qb6 14. Be3 cxd4 15.
cxd4 d5 16. e5 Ba6 17. Qd2 Qa5 18. Rec1 Bc4 19. g4 Rb5 20. Rcb1 Rfb8 21. Rxb5
Rxb5 22. Qc1 Qb6 23. a4 Rb2 24. N1d2 Rb4 25. Nxc4 Rxc4 26. Qd1 h6 27. Bf1 Rb4
28. Bb5 a6 29. Bd2 axb5 30. Bxb4 Nxb4 31. axb5 Qxb5 32. Qd2 Nec6 33. Ra8+ Kh7
34. Qb2 Qd3 35. Ra3 Qc2 36. Qc3 Qxc3 37. Rxc3 Bf8 38. h4 Na5 39. Rc8 Kg7 40. g5
h5 41. Kf1 Nc4 42. Ke2 Na2 43. Ra8 Nc3+ 44. Kd3 Ne4 45. Ra2 Ba3 46. Ne1 Bb2 47.
f3 Nf2+ 48. Ke2 Bxd4 49. Nc2 Bb6 50. Ra6 Nh3 51. Ne1 Nf4+ 52. Kd1 Bd4 53. Ra2
Nxe5 54. Ra4 Nc4 55. Ra2 Bc3 56. Ng2 Nxg2 57. Rxg2 0-1

[Event "XIX Festival A"]
[Site "Arco ITA"]
[Date "2007.10.22"]
[Round "3"]
[White "Valenti, Giuseppe"]
[Black "Qendro, Llambi"]
[Result "1/2-1/2"]
[WhiteElo "2207"]
[BlackElo "2404"]
[PlyCount "29"]
[EventDate "2007.10.20"]

1. e4 g6 2. d4 Bg7 3. Nc3 c6 4. Nf3 d6 5. h3 Nf6 6. Bg5 Qb6 7. a3 O-O 8. Be2
Qc7 9. Qd2 Nbd7 10. O-O Re8 11. Rfe1 e5 12. dxe5 dxe5 13. Bh6 Nc5 14. Bxg7 Kxg7
15. Bf1 1/2-1/2

[Event "XIX Festival A"]
[Site "Arco ITA"]
[Date "2007.10.22"]
[Round "3"]
[White "Vezzosi, Paolo"]
[Black "Rettore, Ludwig"]
[Result "1-0"]
[WhiteElo "2323"]
[BlackElo "2177"]
[PlyCount "123"]
[EventDate "2007.10.20"]

1. e4 e5 2. Nf3 Nc6 3. Bb5 Nf6 4. Qe2 Bc5 5. c3 O-O 6. O-O Re8 7. d3 d5 8. Nbd2
Bg4 9. Re1 a6 10. Ba4 Ba7 11. Nf1 dxe4 12. dxe4 b5 13. Bb3 Na5 14. Bc2 Nc4 15.
h3 Bc8 16. Ng3 Nd6 17. Nh2 Bb7 18. Qf3 h6 19. Ng4 Nxg4 20. hxg4 Qh4 21. Nf5
Nxf5 22. gxf5 Rad8 23. g3 Qh3 24. a4 Bb6 25. axb5 axb5 26. Bd3 Rxd3 27. Qxd3
Kh7 28. Qf3 Rd8 29. Be3 Bxe3 30. Rxe3 Rd2 31. b4 Rd6 32. Rd1 Ra6 33. Qe2 Bc6
34. Re1 Rb6 35. Rd3 Rb8 36. Ra1 Re8 37. Ra7 Rc8 38. Rd1 f6 39. Rd3 Be8 40. g4
Qh4 41. Kg2 Bc6 42. Rg3 Qg5 43. Ra6 Bb7 44. Ra1 Rd8 45. Re3 Qf4 46. f3 Bc6 47.
Rd3 Rxd3 48. Qxd3 Qg5 49. Rh1 Qf4 50. Kf2 Kg8 51. Qe3 Qxe3+ 52. Kxe3 Kf7 53. f4
exf4+ 54. Kxf4 Ke7 55. Rd1 Be8 56. e5 h5 57. g5 fxe5+ 58. Kxe5 Bc6 59. Rd3 Bg2
60. f6+ gxf6+ 61. gxf6+ Ke8 62. Ke6 1-0

[Event "XIX Festival A"]
[Site "Arco ITA"]
[Date "2007.10.22"]
[Round "3"]
[White "Vistisen, Lars"]
[Black "Ricci, Alfredo"]
[Result "1-0"]
[WhiteElo "2153"]
[BlackElo "2010"]
[PlyCount "59"]
[EventDate "2007.10.20"]

1. e4 c5 2. c3 e6 3. d4 cxd4 4. cxd4 d5 5. e5 Nc6 6. Nf3 Nge7 7. Nc3 Nf5 8. g4
Nh4 9. Nxh4 Qxh4 10. Bf4 h5 11. Be2 hxg4 12. Bg3 Qd8 13. Qd2 Bd7 14. O-O Bb4
15. Bxg4 Rc8 16. Rac1 Na5 17. b3 O-O 18. f4 Ba3 19. Rc2 Qb6 20. Bf2 Qc7 21. Bd1
Qb6 22. Kh1 Rc7 23. Rg1 Rfc8 24. Rg3 Bb4 25. Be1 Nc6 26. Qg2 Bf8 27. Bf2 Nb4
28. Qh3 Nxc2 29. Bxc2 Qb4 30. Qh7# 1-0

[Event "XIX Festival A"]
[Site "Arco ITA"]
[Date "2007.10.22"]
[Round "3"]
[White "Voermans, Adri"]
[Black "Giaracuni, Claudio"]
[Result "1-0"]
[WhiteElo "1887"]
[BlackElo "1759"]
[PlyCount "87"]
[EventDate "2007.10.20"]

1. d4 d5 2. c4 e6 3. Nc3 Nf6 4. Bg5 Be7 5. Nf3 Nbd7 6. e3 c6 7. c5 O-O 8. b4 b6
9. Bd3 a5 10. a3 axb4 11. axb4 Bb7 12. O-O b5 13. Qc2 Qc7 14. Bf4 Qc8 15. e4
Nxe4 16. Nxe4 dxe4 17. Bxe4 Nf6 18. Bd3 Qd7 19. Qb2 Rxa1 20. Rxa1 Ra8 21. Rxa8+
Bxa8 22. Ne5 Qa7 23. h3 Nd5 24. Bd2 Bf6 25. Qb1 h6 26. f4 Qa3 27. Bh7+ Kf8 28.
Nd7+ Ke8 29. Nxf6+ Nxf6 30. Bd3 Nd5 31. f5 exf5 32. Bxf5 Kf8 33. Qe1 Qb2 34.
Qf2 Kg8 35. Kh2 Ne7 36. Bd7 Bb7 37. Be8 f6 38. Qe2 Nd5 39. Qe6+ Kh7 40. Qd7 f5
41. Qxf5+ Kh8 42. Bg6 Ne7 43. Qf8+ Ng8 44. Bf7 1-0

[Event "XIX Festival A"]
[Site "Arco ITA"]
[Date "2007.10.22"]
[Round "3"]
[White "Von Wantoch, Markus"]
[Black "Kern, Beat"]
[Result "1-0"]
[WhiteElo "1974"]
[BlackElo "1694"]
[PlyCount "65"]
[EventDate "2007.10.20"]

1. e4 e5 2. Nc3 Nf6 3. Bc4 c6 4. Nf3 d5 5. exd5 cxd5 6. Bb5+ Nbd7 7. Nxe5 Bd6
8. d4 O-O 9. f4 a6 10. Be2 Bb4 11. O-O Nb6 12. Qd3 Bxc3 13. Qxc3 Bf5 14. Bd3
Rc8 15. Qb3 Be4 16. f5 Qc7 17. c3 Bxd3 18. Nxd3 Nbd7 19. Bf4 Qc4 20. Ne5 Qxb3
21. axb3 Nb6 22. Nd3 Nfd7 23. Rfe1 Rfe8 24. Kf1 h6 25. Bd6 Kh7 26. Bc5 Kg8 27.
Bxb6 Nxb6 28. Nc5 Rxe1+ 29. Rxe1 Rc7 30. Re8+ Kh7 31. Rd8 g5 32. fxg6+ fxg6 33.
Rd6 1-0

[Event "XIX Festival A"]
[Site "Arco ITA"]
[Date "2007.10.22"]
[Round "3"]
[White "Vuelban, Virgilio"]
[Black "Ager, Josef"]
[Result "0-1"]
[WhiteElo "2399"]
[BlackElo "2188"]
[PlyCount "124"]
[EventDate "2007.10.20"]

1. d4 Nf6 2. c4 g6 3. Nc3 Bg7 4. e4 d6 5. h3 O-O 6. Bg5 Qe8 7. Bd3 e5 8. d5 a5
9. Nge2 Na6 10. g4 c6 11. Ng3 cxd5 12. cxd5 Nc5 13. Be2 Bd7 14. a4 Qc8 15. Ra3
Kh8 16. h4 Nxg4 17. Be7 Re8 18. Bxd6 h5 19. Nb5 Na6 20. Rc3 Qd8 21. Bc7 Qe7 22.
d6 Qf8 23. Bxa5 f5 24. Bxg4 fxg4 25. Bb6 Rec8 26. Be3 Bf6 27. Qd5 Bc6 28. Qe6
Re8 29. Qb3 Red8 30. Bg5 Kg7 31. Be3 Rd7 32. Nc7 Nxc7 33. dxc7 Rxc7 34. Bb6 Rd7
35. a5 Qd6 36. O-O Bxh4 37. Bc5 Qf6 38. Rd3 Rxd3 39. Qxd3 Rxa5 40. b4 Ra8 41.
b5 Rd8 42. Qc4 Be8 43. Be3 Rd7 44. b6 Rf7 45. Qe2 Bc6 46. Rc1 Qe6 47. Rc5 Be7
48. Ra5 Kh7 49. Qb2 Bf6 50. Qc2 Rd7 51. Rc5 Qd6 52. Nf1 Qe6 53. Nd2 Be7 54. Rc4
g3 55. fxg3 Qh3 56. Bf2 h4 57. gxh4 Qg4+ 58. Kf1 Bb5 59. Ke1 Bb4 60. Be3 Qf3
61. Bg5 Bxd2+ 62. Bxd2 Qh1+ 0-1

[Event "XIX Festival A"]
[Site "Arco ITA"]
[Date "2007.10.22"]
[Round "3"]
[White "Weiland, Guenter"]
[Black "Panican, Gheorghe"]
[Result "1/2-1/2"]
[WhiteElo "1982"]
[BlackElo "2104"]
[PlyCount "33"]
[EventDate "2007.10.20"]

1. Nf3 Nf6 2. c4 g6 3. b4 Bg7 4. Bb2 O-O 5. d3 d6 6. Nbd2 Nbd7 7. g3 b6 8. Bg2
Bb7 9. O-O a5 10. a3 axb4 11. axb4 Rxa1 12. Qxa1 Qa8 13. Qxa8 Rxa8 14. Ra1
Rxa1+ 15. Bxa1 Ne8 16. Bxg7 Kxg7 17. Nd4 1/2-1/2

[Event "XIX Festival A"]
[Site "Arco ITA"]
[Date "2007.10.22"]
[Round "3"]
[White "Weinberg, Emanuele"]
[Black "Viviani, Mario"]
[Result "1-0"]
[WhiteElo "1907"]
[BlackElo "1800"]
[PlyCount "145"]
[EventDate "2007.10.20"]

1. d4 d6 2. c4 Nf6 3. Nc3 Nbd7 4. g3 e5 5. d5 h6 6. Bg2 Be7 7. Nf3 c6 8. dxc6
bxc6 9. Nh4 Nb8 10. Qc2 g5 11. Nf5 Bxf5 12. Qxf5 Qd7 13. Qxd7+ Kxd7 14. b3 Na6
15. Ba3 Rab8 16. Rd1 Nb4 17. O-O g4 18. Bb2 Kc7 19. Rd2 Rbd8 20. a3 Na6 21. b4
Rhf8 22. Na4 Nd7 23. Nc3 Nf6 24. Nd1 Ne8 25. Ne3 Bg5 26. Rc2 f5 27. b5 Nb8 28.
c5 Bxe3 29. fxe3 e4 30. cxd6+ Nxd6 31. Be5 Kb7 32. Bxd6 Rxd6 33. bxc6+ Nxc6 34.
Bxe4 Rdf6 35. Rxc6 Rxc6 36. Bxc6+ Kxc6 37. e4 Kd6 38. Rxf5 Re8 39. Rf4 h5 40.
Kf2 a5 41. Ke3 a4 42. Rf5 Rb8 43. Kf4 Rb3 44. Rd5+ Ke6 45. Rd3 Kf6 46. e5+ Ke6
47. Ke4 Rb2 48. Re3 Rd2 49. Kf4 Rd1 50. Kg5 Rh1 51. Kxh5 Kf5 52. Kh6 Rxh2+ 53.
Kg7 Ke6 54. Kg6 Rh8 55. Kg5 Rg8+ 56. Kf4 Rb8 57. Kxg4 Rb3 58. Kf4 Ke7 59. g4
Ke6 60. g5 Rb1 61. g6 Rb7 62. Re4 Ra7 63. Rb4 Ra8 64. Rb6+ Ke7 65. Kf5 Kf8 66.
Kf6 Kg8 67. Rd6 Rc8 68. e6 Rf8+ 69. Ke7 Kg7 70. Rd8 Rf4 71. Rd5 Kxg6 72. Kd7
Rh4 73. e7 1-0

[Event "XIX Festival A"]
[Site "Arco ITA"]
[Date "2007.10.22"]
[Round "3"]
[White "Wohl, Aleksandar H."]
[Black "Schaefer, Michael"]
[Result "1/2-1/2"]
[WhiteElo "2415"]
[BlackElo "2247"]
[PlyCount "47"]
[EventDate "2007.10.20"]

1. e4 c5 2. Nf3 e6 3. b3 b6 4. Bb2 Bb7 5. e5 d6 6. exd6 Nf6 7. Na3 a6 8. Nc4 b5
9. Ne3 Bxd6 10. a4 b4 11. Bc4 O-O 12. O-O Nbd7 13. d4 cxd4 14. Nxd4 Nc5 15. Qe2
Qc7 16. h3 Rfe8 17. Rad1 Bf8 18. Rfe1 Nce4 19. Ng4 Qf4 20. Bc1 Qc7 21. Rd3 Nxg4
22. Qxg4 Nf6 23. Qh4 Bd5 24. Bxd5 1/2-1/2

[Event "XIX Festival A"]
[Site "Arco ITA"]
[Date "2007.10.23"]
[Round "4"]
[White "Battiston, Claudio"]
[Black "Donatini, Andrea"]
[Result "1/2-1/2"]
[WhiteElo "1882"]
[BlackElo "2044"]
[PlyCount "49"]
[EventDate "2007.10.20"]

1. e4 e5 2. Nf3 Nc6 3. Bb5 Nf6 4. O-O Nxe4 5. d4 Nd6 6. Bxc6 dxc6 7. dxe5 Nf5
8. Qxd8+ Kxd8 9. Rd1+ Ke8 10. Nc3 h6 11. h3 Be6 12. b3 Rd8 13. Bb2 Be7 14. Ne2
Rg8 15. g4 Nh4 16. Nxh4 Bxh4 17. Nf4 Bc8 18. Ba3 g6 19. Ng2 Be7 20. Bxe7 Kxe7
21. Ne3 Be6 22. Kg2 f6 23. exf6+ Kxf6 24. Rxd8 Rxd8 25. Rd1 1/2-1/2

[Event "XIX Festival A"]
[Site "Arco ITA"]
[Date "2007.10.23"]
[Round "4"]
[White "Bini, Gabriele"]
[Black "Fragni, Enrico"]
[Result "1-0"]
[WhiteElo "1736"]
[BlackElo "1764"]
[PlyCount "133"]
[EventDate "2007.10.20"]

1. e4 c6 2. d4 d6 3. Nf3 Bg4 4. Be2 Nd7 5. c4 e5 6. Be3 Ngf6 7. Nc3 Be7 8. a3
a5 9. Qc2 Qc7 10. O-O h6 11. Rfc1 O-O 12. Qb1 Rfb8 13. d5 Nc5 14. Qc2 a4 15.
Bxc5 dxc5 16. Nxa4 Nxe4 17. Qxe4 Bxf3 18. Qxf3 Rxa4 19. b3 Ra6 20. dxc6 Rxc6
21. Rd1 Rd8 22. Rxd8+ Bxd8 23. Rd1 Bf6 24. Rd5 b6 25. Qd3 Qe7 26. Rd7 Qe8 27.
Bg4 Rc8 28. Rxf7 Kxf7 29. Bh5+ Kf8 30. Bxe8 Kxe8 31. Kf1 Rd8 32. Qe4 Rd6 33. f4
Rd4 34. Qc6+ Kf7 35. fxe5 Bxe5 36. Qxb6 Rf4+ 37. Ke2 Re4+ 38. Kf3 Rf4+ 39. Ke3
Rf5 40. Ke4 Rg5 41. Qxc5 Bxh2 42. Qxg5 hxg5 43. Kd5 Ke8 44. Kc6 Kd8 45. Kb7 Bd6
46. b4 Be5 47. a4 Bc3 48. b5 Bb4 49. Kb6 Kc8 50. a5 Kb8 51. a6 Be1 52. Kc6 Ka7
53. c5 Bg3 54. Kd7 Bf4 55. c6 Kb6 56. a7 Kxa7 57. c7 Kb6 58. c8=Q Kxb5 59. Qg8
Kc5 60. Qxg7 Kd5 61. Qe7 Kd4 62. g4 Kd5 63. Qe2 Kc5 64. Qd3 Kb6 65. Qc4 Kb7 66.
Qb5+ Ka7 67. Kc6 1-0

[Event "XIX Festival A"]
[Site "Arco ITA"]
[Date "2007.10.23"]
[Round "4"]
[White "Blasco, Domenico"]
[Black "Maneschi, Giuseppe"]
[Result "0-1"]
[WhiteElo "1969"]
[BlackElo "2071"]
[PlyCount "100"]
[EventDate "2007.10.20"]

1. d4 g6 2. Nf3 Bg7 3. e3 d6 4. Be2 Nd7 5. c4 e5 6. Nc3 Ngf6 7. O-O O-O 8. b3
Re8 9. Bb2 e4 10. Nd2 Nf8 11. Qc2 Bf5 12. Rfc1 h5 13. Nd5 c6 14. Nxf6+ Qxf6 15.
Rab1 Qg5 16. b4 h4 17. Kh1 Nd7 18. b5 c5 19. Nb3 b6 20. dxc5 dxc5 21. Bxg7 Kxg7
22. Rd1 Rad8 23. Rd2 Ne5 24. Rbd1 Nd3 25. Bxd3 exd3 26. Qc3+ Kg8 27. h3 Qe7 28.
Nc1 Qe4 29. Kh2 Be6 30. Rxd3 Rxd3 31. Rxd3 Bxc4 32. Rd7 Bxb5 33. Rxa7 Bc6 34.
f3 Qxe3 35. Qxe3 Rxe3 36. Ra6 Rc3 37. Rxb6 Bxf3 38. gxf3 Rc2+ 39. Kg1 Rxc1+ 40.
Kf2 Rc2+ 41. Ke3 Rxa2 42. Kf4 Rg2 43. Rc6 Rg3 44. Rxc5 Rxh3 45. Rc3 Rg3 46. Rc2
Kg7 47. Rh2 g5+ 48. Ke4 Kg6 49. Ke3 Kf5 50. Kf2 Kf4 0-1

[Event "XIX Festival A"]
[Site "Arco ITA"]
[Date "2007.10.23"]
[Round "4"]
[White "Bortolotti, Silvano"]
[Black "Cracco, Pietro"]
[Result "0-1"]
[WhiteElo "1771"]
[BlackElo "2041"]
[PlyCount "45"]
[EventDate "2007.10.20"]

1. e4 e6 2. d4 d5 3. Nc3 Bb4 4. e5 c5 5. Bd2 Nc6 6. f4 Nxd4 7. Nb5 Bxd2+ 8.
Qxd2 Nxb5 9. Bxb5+ Bd7 10. Bxd7+ Qxd7 11. Nf3 Ne7 12. Qc3 h5 13. g3 Nf5 14.
O-O-O Qa4 15. Kb1 Qe4 16. Qd3 Qxd3 17. Rxd3 O-O-O 18. Ng5 Rd7 19. Rhd1 Rhd8 20.
h3 Rh8 21. g4 Nh4 22. Ne4 c4 23. Nd6+ 0-1

[Event "XIX Festival A"]
[Site "Arco ITA"]
[Date "2007.10.23"]
[Round "4"]
[White "Burani, Eugenio"]
[Black "Voermans, Adri"]
[Result "1/2-1/2"]
[WhiteElo "2017"]
[BlackElo "1887"]
[PlyCount "70"]
[EventDate "2007.10.20"]

1. e4 c5 2. Nf3 d6 3. d4 cxd4 4. Nxd4 Nc6 5. c4 Nf6 6. Nc3 a6 7. Be2 e5 8. Nf3
Be7 9. h3 O-O 10. Be3 Be6 11. O-O Qd7 12. Qd2 Bd8 13. Rad1 Ba5 14. Bd3 Nb4 15.
a3 Nxd3 16. Qxd3 Bxc3 17. bxc3 Rac8 18. Qxd6 Qxd6 19. Rxd6 Nxe4 20. Rb6 Nxc3
21. Nxe5 Bxc4 22. Nxc4 Rxc4 23. Rxb7 Ra4 24. Bc5 Rc8 25. Re1 Re4 26. Rxe4 Nxe4
27. Bb4 h6 28. f3 Nf6 29. Ra7 Rc4 30. Kh2 Nd5 31. Ra8+ Kh7 32. Bf8 Ne3 33. Re8
Nc2 34. Ra8 Ne3 35. Re8 Nc2 1/2-1/2

[Event "XIX Festival A"]
[Site "Arco ITA"]
[Date "2007.10.23"]
[Round "4"]
[White "Castellano, Alfonso"]
[Black "Minniti, Giuseppe"]
[Result "1-0"]
[WhiteElo "1926"]
[BlackElo "1827"]
[PlyCount "113"]
[EventDate "2007.10.20"]

1. c4 e5 2. Nc3 Nf6 3. g3 c6 4. d4 exd4 5. Qxd4 d5 6. cxd5 cxd5 7. Nf3 Nc6 8.
Qd1 Be7 9. Bg2 O-O 10. O-O Be6 11. Nb5 a6 12. Nbd4 Qd7 13. Ng5 Nxd4 14. Qxd4
Rac8 15. Rd1 h6 16. Nxe6 fxe6 17. Bh3 Bc5 18. Qd3 Bxf2+ 19. Kxf2 Ne4+ 20. Kg1
Nf2 21. Bxe6+ Qxe6 22. Qxd5 Nh3+ 23. Kh1 Rf1+ 24. Kg2 Rf2+ 25. Kh1 Qxd5+ 26.
Rxd5 Rxe2 27. Bd2 Rf8 28. Re1 Rxe1+ 29. Bxe1 Rf1+ 30. Kg2 Rxe1 31. Kxh3 Re2 32.
a4 Rxb2 33. a5 Rb5 34. Rd7 g5 35. Kg4 Kf8 36. Kh5 Ke8 37. Rh7 Kd8 38. Kxh6 Kc8
39. h4 gxh4 40. gxh4 Rxa5 41. h5 Ra1 42. Kg7 Rg1+ 43. Kf8 a5 44. h6 Rd1 45. Re7
Rh1 46. h7 Kb8 47. Kg7 Ka7 48. -- Ka6 49. Re6+ b6 50. Rh6 Rg1+ 51. Kf7 Rf1+ 52.
Ke7 Re1+ 53. Kd7 Rd1+ 54. Kc7 Rc1+ 55. Kb8 a4 56. h8=Q Ka5 57. Qb2 1-0

[Event "XIX Festival A"]
[Site "Arco ITA"]
[Date "2007.10.23"]
[Round "4"]
[White "Collato, Luca"]
[Black "Bernardi, Ruben"]
[Result "0-1"]
[WhiteElo "1512"]
[BlackElo "2107"]
[PlyCount "40"]
[EventDate "2007.10.20"]

1. d4 c5 2. d5 Nf6 3. c4 b5 4. cxb5 a6 5. bxa6 g6 6. Nc3 d6 7. e4 Bg7 8. Bb5+
Nbd7 9. Be3 O-O 10. f4 Bxa6 11. Bxa6 Rxa6 12. Nf3 Qb6 13. Qc2 Ng4 14. Bd2 c4
15. Nd1 Nc5 16. Qxc4 Ra4 17. Qc2 Rxe4+ 18. Kf1 Qa6+ 19. Kg1 Qe2 20. h3 Bd4+ 0-1

[Event "XIX Festival A"]
[Site "Arco ITA"]
[Date "2007.10.23"]
[Round "4"]
[White "Crea, Vincenzo"]
[Black "Paltrinieri, Nicholas"]
[Result "1/2-1/2"]
[WhiteElo "2042"]
[BlackElo "1891"]
[PlyCount "27"]
[EventDate "2007.10.20"]

1. d4 f5 2. c4 Nf6 3. Nc3 e6 4. Nf3 Be7 5. g3 O-O 6. Bg2 d6 7. Qc2 Nc6 8. O-O
e5 9. d5 Nb8 10. Ne1 Qe8 11. e4 Nh5 12. exf5 Bxf5 13. Be4 Bxe4 14. Qxe4 1/2-1/2

[Event "XIX Festival A"]
[Site "Arco ITA"]
[Date "2007.10.23"]
[Round "4"]
[White "Dalla Vecchia, Paolo"]
[Black "Bossoni, Mario"]
[Result "0-1"]
[WhiteElo "1829"]
[BlackElo "1993"]
[PlyCount "110"]
[EventDate "2007.10.20"]

1. d4 Nf6 2. Nf3 d5 3. Bf4 e6 4. e3 c5 5. c3 Nbd7 6. Bd3 Be7 7. Nbd2 b6 8. Ne5
Nxe5 9. dxe5 Nd7 10. Qe2 Bb7 11. Bg3 a6 12. f4 Bh4 13. Qg4 Bxg3+ 14. Qxg3 g6
15. e4 Qe7 16. O-O c4 17. Bc2 Rd8 18. exd5 Bxd5 19. Ne4 Bxe4 20. Bxe4 O-O 21.
Rad1 Nc5 22. Bc2 Rxd1 23. Rxd1 Rd8 24. Qf3 Rd7 25. b4 cxb3 26. axb3 a5 27. Rxd7
Qxd7 28. Qd1 Qxd1+ 29. Bxd1 Ne4 30. c4 Kf8 31. Bc2 Nc5 32. Kf2 Ke7 33. Ke3 Kd7
34. Kd4 Kc6 35. g4 b5 36. cxb5+ Kxb5 37. Kc3 Nd7 38. Bd3+ Kc5 39. Ba6 Nb6 40.
f5 Nd5+ 41. Kd2 gxf5 42. gxf5 Kd4 43. fxe6 fxe6 44. Bd3 h6 45. h4 Kxe5 46. Bb5
Kd4 47. h5 e5 48. Be8 e4 49. Bb5 Nf4 50. Be8 e3+ 51. Ke1 Nd3+ 52. Kd1 Nf4 53.
Bg6 Ke5 54. Be8 Kf5 55. Kc2 Kg4 0-1

[Event "XIX Festival A"]
[Site "Arco ITA"]
[Date "2007.10.23"]
[Round "4"]
[White "Del Nevo, Claudio"]
[Black "Idili, Leonardo"]
[Result "1-0"]
[WhiteElo "1889"]
[BlackElo "1735"]
[PlyCount "65"]
[EventDate "2007.10.20"]

1. d4 g6 2. Nf3 Bg7 3. c3 Nf6 4. Bg5 d6 5. Bxf6 Bxf6 6. e3 O-O 7. Bd3 Bg7 8.
Qc2 c5 9. h4 h5 10. Ng5 Qe8 11. Nd2 cxd4 12. exd4 Nc6 13. O-O-O Bd7 14. Qb3 Kh8
15. Rde1 Rc8 16. Kb1 b6 17. Nde4 Bf5 18. Qd1 Bxe4 19. Nxe4 Qd7 20. Ng5 Nd8 21.
f4 f5 22. g4 Qe8 23. gxf5 gxf5 24. Rhg1 Rf6 25. Qe2 Rc7 26. Bb5 Qf8 27. Qxh5+
Rh6 28. Qf3 Rxh4 29. Rh1 Rxh1 30. Rxh1+ Bh6 31. Qh5 a6 32. Bd3 e6 33. Qxh6+ 1-0

[Event "XIX Festival A"]
[Site "Arco ITA"]
[Date "2007.10.23"]
[Round "4"]
[White "Dieli, Riccardo"]
[Black "Hackbarth, Wolfgang"]
[Result "0-1"]
[WhiteElo "1775"]
[BlackElo "2119"]
[PlyCount "98"]
[EventDate "2007.10.20"]

1. Nf3 g6 2. d4 Bg7 3. Nc3 Nf6 4. Bg5 h6 5. Bd2 O-O 6. e4 d6 7. Bd3 Nc6 8. Qc1
Kh7 9. h3 e5 10. d5 Nd4 11. Be3 Nxf3+ 12. gxf3 Nh5 13. Qd2 c5 14. O-O-O a6 15.
Ne2 Qf6 16. Rdg1 b5 17. c3 Bd7 18. f4 exf4 19. Nxf4 Nxf4 20. Bxf4 c4 21. Bb1 b4
22. Rg3 bxc3 23. bxc3 Rfb8 24. h4 Qe7 25. f3 Ba4 26. Bc2 Qb7 27. Bxd6 Qb2+ 28.
Kd1 Qb1+ 29. Ke2 Qxc2 30. Qxc2 Bxc2 31. e5 Rc8 32. Kd2 Bf5 33. f4 Be4 34. Rhg1
Bxd5 35. h5 Be4 36. hxg6+ fxg6 37. Ke3 Bd3 38. Kd4 Bf8 39. Bxf8 Rxf8 40. Ke3
Ra7 41. Rf3 Re7 42. Rf2 g5 43. Rg4 gxf4+ 44. Kd4 Rd8+ 45. Kc5 Rxe5+ 46. Kb6
Rd6+ 47. Kc7 Rg6 48. Rgxf4 Re7+ 49. Kd8 Rgg7 0-1

[Event "XIX Festival A"]
[Site "Arco ITA"]
[Date "2007.10.23"]
[Round "4"]
[White "Dittmar, Peter"]
[Black "Bonade', Massimo"]
[Result "1/2-1/2"]
[WhiteElo "2318"]
[BlackElo "2168"]
[PlyCount "96"]
[EventDate "2007.10.20"]

1. Nf3 Nf6 2. g3 b6 3. Bg2 Bb7 4. c4 e6 5. O-O Be7 6. d4 O-O 7. Nc3 Ne4 8. Qc2
Nxc3 9. Qxc3 d6 10. Rd1 f5 11. Bf4 Bf6 12. Qe3 Qe7 13. Bg5 Nd7 14. Rac1 Rae8
15. Bxf6 Nxf6 16. Qa3 a5 17. c5 Nd5 18. cxd6 cxd6 19. Nd2 f4 20. Ne4 fxg3 21.
hxg3 Rd8 22. Rd3 Ba6 23. Rd2 Nb4 24. Qa4 d5 25. Nc3 Qf7 26. Rf1 Rc8 27. a3 Nc6
28. Qb3 Qb7 29. Re1 b5 30. e3 a4 31. Qd1 Na5 32. Na2 Nc4 33. Rc2 Qf7 34. Nb4
Bb7 35. Qe2 Qf6 36. Nd3 Bc6 37. Rec1 Bd7 38. Bh3 Rce8 39. Nf4 Bc8 40. Bg2 Bd7
41. Qh5 Re7 42. Bf1 Be8 43. Qh1 g5 44. Nd3 h5 45. Qg2 Bg6 46. Re1 Be4 47. Qh2
Qf5 48. Rc3 h4 1/2-1/2

[Event "XIX Festival A"]
[Site "Arco ITA"]
[Date "2007.10.23"]
[Round "4"]
[White "Ferrari, Michele"]
[Black "Von Wantoch, Markus"]
[Result "0-1"]
[WhiteElo "1819"]
[BlackElo "1974"]
[PlyCount "54"]
[EventDate "2007.10.20"]

1. d4 Nf6 2. c4 e6 3. Bg5 b6 4. f3 Bb4+ 5. Nd2 O-O 6. a3 Be7 7. e3 d5 8. Bd3
Nbd7 9. f4 Bb7 10. Ngf3 Ne4 11. Bxe7 Qxe7 12. O-O c5 13. Re1 Rfd8 14. Qc2 Ndf6
15. cxd5 exd5 16. Ne5 Rac8 17. Bxe4 dxe4 18. Qa4 cxd4 19. exd4 Qd6 20. Nb3 Qd5
21. Re2 Nh5 22. Rae1 Nxf4 23. Rxe4 f5 24. Nd3 Nh3+ 25. gxh3 fxe4 26. Nf4 Qg5+
27. Ng2 Rc2 0-1

[Event "XIX Festival A"]
[Site "Arco ITA"]
[Date "2007.10.23"]
[Round "4"]
[White "Giovannini, Roberto"]
[Black "Lazzaroni, Fabio"]
[Result "1-0"]
[WhiteElo "2013"]
[BlackElo "1697"]
[PlyCount "111"]
[EventDate "2007.10.20"]

1. d4 f5 2. Bf4 Nf6 3. e3 e6 4. Nf3 Nc6 5. h3 Be7 6. c4 b6 7. Nc3 Bb7 8. Bd3
Bb4 9. O-O Bxc3 10. bxc3 O-O 11. Qb1 Ne7 12. Nd2 d6 13. a4 a5 14. f3 Qe8 15. e4
Nd7 16. c5 e5 17. cxd6 cxd6 18. Bh2 f4 19. Nc4 Nc8 20. Na3 Ba6 21. Bxa6 Rxa6
22. Nb5 Qd8 23. Qb3+ Kh8 24. Qd5 Ne7 25. Qxd6 Rf6 26. Qa3 Ra8 27. Rfd1 Qf8 28.
Ra2 Rc8 29. Rad2 Rfc6 30. Rd3 Ng6 31. Qxf8+ Rxf8 32. dxe5 Ndxe5 33. Rd8 Rc8 34.
Rxf8+ Rxf8 35. Rd4 h6 36. Kf1 Rc8 37. Bg1 Rc6 38. Bf2 Nc4 39. Rd8+ Kh7 40. Bd4
Ne3+ 41. Bxe3 fxe3 42. g3 Ne5 43. Ke2 Nc4 44. f4 Rg6 45. g4 Re6 46. Rd4 Rc6 47.
e5 Kg8 48. e6 Kf8 49. f5 Rc8 50. Nd6 Nxd6 51. Rxd6 Rxc3 52. Rxb6 Ra3 53. Rb8+
Ke7 54. Rb7+ Ke8 55. Rxg7 Rxa4 56. f6 1-0